FAO training series N21/2 Simple methods for aquaculture management for freshwater fish culture, fish stocks and farm management
Đã lưu trong:
| Hovedforfatter: | |
|---|---|
| Format: | Bog |
| Sprog: | Undetermined |
| Udgivet: |
Rome
FAO
1998
|
| Tags: |
Tilføj Tag
Ingen Tags, Vær først til at tagge denne postø!
|
| Thư viện lưu trữ: | Trung tâm Học liệu Trường Đại học Cần Thơ |
|---|
| LEADER | 00572nam a2200181Ia 4500 | ||
|---|---|---|---|
| 001 | CTU_33983 | ||
| 008 | 210402s9999 xx 000 0 und d | ||
| 082 | |a 639 | ||
| 082 | |b T768/N21/2 | ||
| 100 | |a A G Coche | ||
| 245 | 0 | |a FAO training series N21/2 | |
| 245 | 0 | |b Simple methods for aquaculture management for freshwater fish culture, fish stocks and farm management | |
| 245 | 2 | |c A G Coche, FAO, J F Muir | |
| 260 | |a Rome | ||
| 260 | |b FAO | ||
| 260 | |c 1998 | ||
| 904 | |i Nguyễn Quang Điền, 991118 | ||
| 980 | |a Trung tâm Học liệu Trường Đại học Cần Thơ | ||